[Event "BL 1516 SG Turm Trier - Turm Emsdetten"]
[Site "?"]
[Date "2015.12.12"]
[Round "3.7"]
[White "Zumsande, Martin"]
[Black "Gordon, Stephen J"]
[Result "1-0"]
[WhiteElo "2442"]
[BlackElo "2499"]
[PlyCount "81"]
[EventDate "2015.??.??"]

1. e4 c5 2. c3 d5 3. exd5 Qxd5 4. d4 Nf6 5. Nf3 e6 6. Be3 Be7 7. Bd3 O-O 8. O-O
Rd8 9. Qe2 Nc6 10. a3 b6 11. Bc4 Qf5 12. Nbd2 Bb7 13. Rfe1 cxd4 14. Nxd4 Nxd4
15. Bxd4 Rac8 16. Ba6 Bxa6 17. Qxa6 Rc7 18. Nf3 Nd5 19. Be5 Rcd7 20. Nd4 Qg6
21. Nc6 Re8 22. Nb8 Rdd8 23. Qxa7 Bc5 24. Nc6 Rc8 25. Nb4 Bxb4 26. axb4 h5 27.
Qa6 h4 28. h3 f6 29. Bh2 Qf5 30. Qb5 Re7 31. Rad1 Ra7 32. c4 Ra2 33. cxd5 Rxb2
34. Qxb6 Rcc2 35. Qxe6+ Qxe6 36. dxe6 Rxf2 37. Bd6 Rxg2+ 38. Kh1 Rge2 39. Rxe2
Rxe2 40. b5 Re3 41. Rb1 1-0

[Event "BL 1516 SG Turm Trier - Turm Emsdetten"]
[Site "?"]
[Date "2015.12.12"]
[Round "3.8"]
[White "Gonda, Laszlo"]
[Black "Richter, Christian"]
[Result "1/2-1/2"]
[WhiteElo "2544"]
[BlackElo "2367"]
[PlyCount "73"]
[EventDate "2015.??.??"]

1. Nf3 Nf6 2. c4 g6 3. g3 Bg7 4. Bg2 O-O 5. O-O d6 6. d4 Nc6 7. Nc3 a6 8. e3
Rb8 9. Qe2 e5 10. d5 Ne7 11. e4 b5 12. Rd1 b4 13. Nb1 c5 14. a3 Ne8 15. axb4
Rxb4 16. Bd2 Rb8 17. Ba5 Qd7 18. Nc3 Bh6 19. Rdb1 Nf6 20. Ne1 Rb3 21. Qc2 Qb7
22. Ra3 Rxa3 23. bxa3 Qa7 24. Qb2 Nd7 25. Nc2 f5 26. f3 Kh8 27. Na4 fxe4 28.
fxe4 Ng8 29. Qb3 Ngf6 30. Qd3 Ng4 31. Bf3 Ngf6 32. Qe2 Kg8 33. Bg2 Nh5 34. Ne1
Ndf6 35. Bf3 Bh3 36. Nd3 Rb8 37. Rxb8+ 1/2-1/2

[Event "BL 1516 SV Hockenheim - SV Mülheim Nor"]
[Site "?"]
[Date "2015.12.12"]
[Round "3.1"]
[White "Navara, David"]
[Black "Tomashevsky, Evgeny"]
[Result "1-0"]
[WhiteElo "2730"]
[BlackElo "2744"]
[PlyCount "119"]
[EventDate "2015.??.??"]

1. d4 d5 2. c4 c6 3. cxd5 cxd5 4. Nc3 Nf6 5. Bf4 Nc6 6. e3 Bg4 7. Qb3 Na5 8.
Qa4+ Bd7 9. Qc2 e6 10. Bd3 Be7 11. Nf3 Nc6 12. a3 Nh5 13. Be5 f6 14. Bf4 Rc8
15. O-O a6 16. Rac1 Nxf4 17. exf4 f5 18. Qe2 O-O 19. Na4 Rc7 20. Qe3 Bf6 21.
Nc5 Qe7 22. b4 Rfc8 23. Ne5 Be8 24. Nxb7 Nxb4 25. Rxc7 Rxc7 26. Nc5 Nxd3 27.
Nexd3 Bb5 28. Re1 Bxd3 29. Qxd3 Rc6 30. Nxa6 Qa7 31. Nb4 Rc4 32. g3 Qd7 33. Qe2
Bxd4 34. Qxe6+ Qxe6 35. Rxe6 Bb2 36. Nxd5 Bxa3 37. Kg2 Rd4 38. Ne3 g6 39. Rc6
Bf8 40. Nc4 Rd5 41. Ne5 Rc5 42. Rb6 Rc2 43. Rb8 Kg7 44. Rb7+ Kg8 45. Nd7 Bg7
46. Ne5 Bf6 47. h4 Re2 48. h5 gxh5 49. Nf3 Re4 50. Rb5 Kg7 51. Rxf5 Kg6 52. Rb5
h4 53. Nxh4+ Bxh4 54. Kf3 Re1 55. gxh4 Rh1 56. f5+ Kf6 57. Kg4 Rg1+ 58. Kf4 Rh1
59. Rb6+ Kf7 60. Rb7+ 1-0

[Event "BL 1516 SV Hockenheim - SV Mülheim Nor"]
[Site "?"]
[Date "2015.12.12"]
[Round "3.2"]
[White "Wagner, Dennis"]
[Black "Fridman, Daniel"]
[Result "0-1"]
[WhiteElo "2586"]
[BlackElo "2619"]
[PlyCount "72"]
[EventDate "2015.??.??"]

1. c4 e6 2. Nc3 d5 3. d4 Be7 4. cxd5 exd5 5. Bf4 Nf6 6. e3 Bf5 7. Nge2 O-O 8.
Rc1 Bg6 9. h4 h6 10. Ng3 c5 11. dxc5 Nc6 12. h5 Bh7 13. Bd3 Bxd3 14. Qxd3 Bxc5
15. O-O d4 16. Na4 Bd6 17. Bxd6 Qxd6 18. Nf5 Qb4 19. Rc4 Qb5 20. exd4 Na5 21.
Rc3 Qxd3 22. Rxd3 Rfd8 23. d5 Kf8 24. d6 Rac8 25. Re1 Rc2 26. g3 b5 27. Nc3
Rxb2 28. Nd5 Ng4 29. d7 Nc6 30. Rc3 Rd2 31. Nd6 Nge5 32. Rxc6 Rxd5 33. Rc8 Nf3+
34. Kf1 Nxe1 35. Rxd8+ Ke7 36. Nxf7 Nd3 0-1

[Event "BL 1516 SV Hockenheim - SV Mülheim Nor"]
[Site "?"]
[Date "2015.12.12"]
[Round "3.3"]
[White "Landa, Konstantin"]
[Black "Saric, Ivan"]
[Result "1/2-1/2"]
[WhiteElo "2625"]
[BlackElo "2654"]
[PlyCount "57"]
[EventDate "2015.??.??"]

1. d4 Nf6 2. Nf3 g6 3. g3 d5 4. Bg2 c6 5. O-O Bg7 6. Be3 O-O 7. Qc1 Bf5 8. h3
Nbd7 9. Nbd2 Ne4 10. g4 Nxd2 11. Nxd2 Be6 12. Nf3 f6 13. Bh6 Bf7 14. c3 e5 15.
dxe5 fxe5 16. Bxg7 Kxg7 17. e4 dxe4 18. Ng5 Nf6 19. Nxe4 Nd5 20. Rd1 Qe7 21.
Qg5 Rae8 22. Qxe7 Rxe7 23. b3 Nf4 24. c4 b5 25. cxb5 Bd5 26. Re1 cxb5 27. Bf1
b4 28. Rac1 Ne6 29. Bc4 1/2-1/2

[Event "BL 1516 SV Hockenheim - SV Mülheim Nor"]
[Site "?"]
[Date "2015.12.12"]
[Round "3.4"]
[White "Moiseenko, Alexander"]
[Black "Golod, Vitali"]
[Result "1-0"]
[WhiteElo "2689"]
[BlackElo "2558"]
[PlyCount "109"]
[EventDate "2015.??.??"]

1. d4 Nf6 2. c4 e6 3. Nc3 d5 4. cxd5 exd5 5. Bg5 c6 6. e3 Bf5 7. Qf3 Bg6 8.
Bxf6 Qxf6 9. Qxf6 gxf6 10. Nf3 Nd7 11. Nh4 Be7 12. g3 Nb6 13. f3 O-O 14. Kf2
Nc8 15. Rd1 Nd6 16. Bd3 Rfe8 17. g4 Kh8 18. f4 Bxd3 19. Rxd3 Rg8 20. Kf3 Rg7
21. Ne2 Rag8 22. Nf5 Nxf5 23. gxf5 Rd8 24. Ng3 Rgg8 25. Nh5 a5 26. Rdd1 Rde8
27. Rhg1 Rxg1 28. Rxg1 Rg8 29. Rg3 Bd8 30. b3 Be7 31. e4 dxe4+ 32. Kxe4 Re8 33.
Kd3 Rd8 34. Rg7 Rf8 35. a4 Bd6 36. Rg3 Be7 37. Re3 Bd8 38. Kc4 h6 39. d5 cxd5+
40. Kxd5 Bb6 41. Re7 Rd8+ 42. Kc4 Rc8+ 43. Kb5 Bd4 44. Rxb7 Rc3 45. Kxa5 Rh3
46. Ng3 Rxh2 47. Rd7 Bf2 48. Ne4 Be1+ 49. Kb5 Rh3 50. Nc5 Bf2 51. a5 Bxc5 52.
Kxc5 Rxb3 53. a6 Kg7 54. a7 Ra3 55. Kb6 1-0

[Event "BL 1516 SV Hockenheim - SV Mülheim Nor"]
[Site "?"]
[Date "2015.12.12"]
[Round "3.5"]
[White "Berelowitsch, Alexander"]
[Black "Buhmann, Rainer"]
[Result "1/2-1/2"]
[WhiteElo "2522"]
[BlackElo "2642"]
[PlyCount "58"]
[EventDate "2015.??.??"]

1. e4 e6 2. d4 d5 3. Nd2 c5 4. exd5 Qxd5 5. Ngf3 cxd4 6. Bc4 Qd7 7. O-O Nf6 8.
Nb3 Nc6 9. Nbxd4 Nxd4 10. Nxd4 a6 11. Re1 b5 12. Bb3 Bc5 13. c3 Bb7 14. Bf4
Bxd4 15. cxd4 O-O 16. Be5 Nd5 17. Rc1 f6 18. Bg3 Rac8 19. Rc5 Rfe8 20. f3 Nb6
21. Bf2 Bd5 22. Bc2 Nc4 23. b3 Nd6 24. Qd3 g6 25. Bh4 Kg7 26. Bb1 Nb7 27. Rcc1
Rxc1 28. Rxc1 Rc8 29. Qd2 Rxc1+ 1/2-1/2

[Event "BL 1516 SV Hockenheim - SV Mülheim Nor"]
[Site "?"]
[Date "2015.12.12"]
[Round "3.6"]
[White "Baramidze, David"]
[Black "Levin, Felix"]
[Result "1/2-1/2"]
[WhiteElo "2597"]
[BlackElo "2506"]
[PlyCount "60"]
[EventDate "2015.??.??"]

1. d4 Nf6 2. c4 e6 3. g3 d5 4. Bg2 Bb4+ 5. Bd2 Be7 6. Nf3 O-O 7. O-O c6 8. Qc2
b6 9. Rd1 Nbd7 10. Bf4 Bb7 11. Ne5 Nh5 12. Bc1 Nhf6 13. Bf4 Nh5 14. Bc1 Nhf6
15. cxd5 cxd5 16. Nc6 Bxc6 17. Qxc6 Rc8 18. Qa4 Qc7 19. Nc3 Qb7 20. Qb3 Nb8 21.
a4 Nc6 22. Bf4 Na5 23. Qa2 Bb4 24. Bd2 Qe7 25. Rac1 h6 26. b3 Rc6 27. Rc2 Rfc8
28. Rdc1 Ba3 29. Ra1 Bb4 30. Rac1 Ba3 1/2-1/2

[Event "BL 1516 SV Hockenheim - SV Mülheim Nor"]
[Site "?"]
[Date "2015.12.12"]
[Round "3.7"]
[White "Hausrath, Daniel"]
[Black "Banusz, Tamas"]
[Result "1/2-1/2"]
[WhiteElo "2507"]
[BlackElo "2611"]
[PlyCount "151"]
[EventDate "2015.??.??"]

1. Nf3 Nf6 2. g3 d5 3. Bg2 c6 4. c4 dxc4 5. O-O Nbd7 6. Qc2 Nb6 7. Na3 Be6 8.
b3 cxb3 9. axb3 g6 10. Nc4 Bg7 11. Bb2 Bd5 12. Rfe1 Bxf3 13. Bxf3 O-O 14. e4
Ne8 15. e5 Nc7 16. h4 Nbd5 17. Bc3 Nxc3 18. dxc3 Nd5 19. h5 Qc7 20. hxg6 hxg6
21. Kg2 Rfd8 22. Qe4 Nxc3 23. Qh4 e6 24. Rh1 Bxe5 25. Nxe5 Qxe5 26. Rxa7 Qg7
27. Rxb7 Nd5 28. Qg5 Re8 29. Rd7 Ra2 30. Rd8 Ne3+ 31. Kh3 Qh7+ 32. Bh5 Ra8 33.
Rxe8+ Rxe8 34. fxe3 Qxh5+ 35. Qxh5 gxh5 36. Kg2 Rb8 37. Rxh5 Rxb3 38. Rc5 Rb6
39. g4 Kf8 40. Kf3 Ke7 41. Rc4 f6 42. Ke2 Kd6 43. Rd4+ Ke5 44. Rc4 Kd6 45. Rd4+
Ke7 46. Rc4 e5 47. Rc1 Kd6 48. Kf3 c5 49. Ke4 Rc6 50. g5 fxg5 51. Rg1 Ra6 52.
Rxg5 Ra4+ 53. Kf5 Rh4 54. Rg8 e4 55. Kg5 Rh7 56. Kf5 Re7 57. Rd8+ Kc7 58. Ra8
Kd6 59. Rd8+ Kc6 60. Kf6 Rh7 61. Ke5 Rh4 62. Rc8+ Kb5 63. Kd5 Kb4 64. Ra8 Rg4
65. Ra7 Rg8 66. Kxe4 c4 67. Rb7+ Kc3 68. Rc7 Rd8 69. Rc6 Kb3 70. Kf5 Rf8+ 71.
Ke6 Kc3 72. e4 Kd4 73. e5 Re8+ 74. Kd6 Rxe5 75. Rxc4+ Kxc4 76. Kxe5 1/2-1/2

[Event "BL 1516 SV Hockenheim - SV Mülheim Nor"]
[Site "?"]
[Date "2015.12.12"]
[Round "3.8"]
[White "Rau, Hannes"]
[Black "Dinstuhl, Volkmar"]
[Result "1/2-1/2"]
[WhiteElo "2468"]
[BlackElo "2400"]
[PlyCount "123"]
[EventDate "2015.??.??"]

1. Nf3 d5 2. d4 Bf5 3. c4 e6 4. Nc3 c6 5. Qb3 Qb6 6. c5 Qc7 7. Bf4 Qc8 8. Nh4
Nf6 9. h3 Bg6 10. e3 Be7 11. Nxg6 hxg6 12. Qc2 Nbd7 13. a3 Bd8 14. b4 Bc7 15.
b5 e5 16. Bh2 exd4 17. Bxc7 Qxc7 18. exd4 O-O 19. Be2 Rfe8 20. O-O Qf4 21. Rfd1
Ne4 22. Nxe4 Rxe4 23. Qd2 Qc7 24. Bf3 Ree8 25. Rab1 Nf8 26. a4 Ne6 27. a5 Qd7
28. Qb2 Ng5 29. Bg4 f5 30. Be2 Qc7 31. a6 bxa6 32. bxc6 Qxc6 33. Bf1 Ne4 34.
Ra1 Reb8 35. Qc1 Qf6 36. Rxa6 Qh4 37. g3 Qh5 38. Rd3 f4 39. g4 Qh4 40. Rf3 Rf8
41. Rxg6 a5 42. Bg2 a4 43. Rxf4 a3 44. Bxe4 dxe4 45. Ra6 Rxa6 46. Qc4+ Kh7 47.
Rxf8 Qxh3 48. Qg8+ Kg6 49. Qf7+ Kh7 50. Qg8+ Kg6 51. Qf7+ Kh7 52. Qf5+ Rg6 53.
Rh8+ Kxh8 54. Qxg6 a2 55. Qe8+ Kh7 56. Qxe4+ g6 57. Qe7+ Kh8 58. Qf6+ Kh7 59.
Qf7+ Kh8 60. Qe8+ Kh7 61. Qd7+ Kh8 62. Qe8+ 1/2-1/2

[Event "BL 1516 SV Griesheim - Hansa Dortmund"]
[Site "?"]
[Date "2015.12.12"]
[Round "3.1"]
[White "Donchenko, Alexander"]
[Black "Klekowski, Maciej"]
[Result "1-0"]
[WhiteElo "2588"]
[BlackElo "2465"]
[PlyCount "59"]
[EventDate "2015.??.??"]

1. d4 Nf6 2. c4 e6 3. Nf3 d5 4. Nc3 Be7 5. Bf4 O-O 6. Rc1 c6 7. e3 Nbd7 8. h3
Ne4 9. Nxe4 dxe4 10. Nd2 f5 11. Be2 c5 12. O-O cxd4 13. exd4 Bg5 14. Bxg5 Qxg5
15. Rc3 Rd8 16. f3 Nf8 17. d5 exd5 18. cxd5 exf3 19. Nxf3 Qh6 20. Bc4 Qd6 21.
Nd4 f4 22. Nb5 Qb6+ 23. Qd4 Qxd4+ 24. Nxd4 Ng6 25. Bb3 Bd7 26. Rc7 Rab8 27. Ne6
Bxe6 28. dxe6 Rdc8 29. e7+ Kh8 30. Re1 1-0

[Event "BL 1516 SV Griesheim - Hansa Dortmund"]
[Site "?"]
[Date "2015.12.12"]
[Round "3.2"]
[White "Bulski, Krzysztof"]
[Black "Markus, Robert"]
[Result "1/2-1/2"]
[WhiteElo "2524"]
[BlackElo "2646"]
[PlyCount "53"]
[EventDate "2015.??.??"]

1. e4 c5 2. Nf3 e6 3. d4 cxd4 4. Nxd4 a6 5. Bd3 Bc5 6. Nb3 Be7 7. Qg4 g6 8. Qe2
d6 9. O-O Nd7 10. Nc3 Qc7 11. Kh1 b6 12. Bd2 Bb7 13. Rae1 h5 14. h3 Ngf6 15.
Nd4 h4 16. Bg5 Rh5 17. Nf3 Ne5 18. Bf4 Nxf3 19. Qxf3 b5 20. a3 Nd7 21. Qe2 Ne5
22. Bh2 Nc4 23. Nd1 Qc6 24. a4 d5 25. f3 Rc8 26. axb5 axb5 27. b3 1/2-1/2

[Event "BL 1516 SV Griesheim - Hansa Dortmund"]
[Site "?"]
[Date "2015.12.12"]
[Round "3.3"]
[White "Mons, Léon"]
[Black "Le Roux, Jean-Pierre"]
[Result "1/2-1/2"]
[WhiteElo "2454"]
[BlackElo "2574"]
[PlyCount "114"]
[EventDate "2015.??.??"]

1. e4 c6 2. Nf3 d5 3. Nc3 Bg4 4. h3 Bxf3 5. Qxf3 e6 6. d4 dxe4 7. Qxe4 Nf6 8.
Qd3 Na6 9. a3 Qa5 10. Rb1 Nc7 11. Be2 O-O-O 12. O-O Qf5 13. Rd1 Be7 14. b3 Rd7
15. Bb2 Rhd8 16. Qc4 Qf4 17. g3 Qf5 18. Kg2 Nfd5 19. Bf3 Nxc3 20. Qxc3 Nb5 21.
Qe3 Bg5 22. Qe5 Qxe5 23. dxe5 Bd2 24. Rf1 Nd4 25. Be4 h5 26. Rbd1 Nb5 27. f4 g6
28. h4 Be3 29. Rxd7 Rxd7 30. Bd3 Bd4 31. Bxd4 Nxd4 32. Rd1 Kc7 33. Kf2 Nb5 34.
Ra1 Nc3 35. Ke3 a5 36. Re1 b5 37. Kd2 Nd5 38. Re4 Ne7 39. Ke3 Nf5+ 40. Kf2 Kb6
41. Re1 Ne7 42. Ke3 c5 43. a4 Nd5+ 44. Kd2 b4 45. Re4 Ne7 46. Re1 c4 47. bxc4
Kc5 48. Kc1 Nf5 49. Rg1 Ne3 50. Re1 Nf5 51. Rg1 Ne3 52. Re1 Nxc4 53. Bxc4 Kxc4
54. Re4+ Rd4 55. Re2 Kc5 56. Re3 Kc6 57. Rf3 Kd5 1/2-1/2

[Event "BL 1516 SV Griesheim - Hansa Dortmund"]
[Site "?"]
[Date "2015.12.12"]
[Round "3.4"]
[White "Tazbir, Marcin"]
[Black "Zelbel, Patrick"]
[Result "1/2-1/2"]
[WhiteElo "2517"]
[BlackElo "2428"]
[PlyCount "53"]
[EventDate "2015.??.??"]

1. e4 e5 2. Nf3 Nc6 3. Bb5 a6 4. Ba4 Nf6 5. O-O Be7 6. Qe2 b5 7. Bb3 O-O 8. c3
d5 9. exd5 Nxd5 10. Nxe5 Nxe5 11. Qxe5 Bb7 12. d4 Bd6 13. Qf5 g6 14. Qg5 Re8
15. Qxd8 Raxd8 16. Bg5 Rd7 17. Bxd5 Bxd5 18. Nd2 Kg7 19. Rfe1 Rxe1+ 20. Rxe1 h6
21. Be3 f5 22. Nb3 Re7 23. Bd2 Rxe1+ 24. Bxe1 Bf4 25. g3 Bd6 26. Bd2 g5 27. Nc5
1/2-1/2

[Event "BL 1516 SV Griesheim - Hansa Dortmund"]
[Site "?"]
[Date "2015.12.12"]
[Round "3.5"]
[White "Pap, Misa"]
[Black "Krassowizkij, Jaroslaw"]
[Result "0-1"]
[WhiteElo "2494"]
[BlackElo "2448"]
[PlyCount "62"]
[EventDate "2015.??.??"]

1. e4 e6 2. d4 d5 3. Nd2 Nf6 4. e5 Nfd7 5. f4 c5 6. c3 Nc6 7. Ndf3 Qb6 8. a3
Be7 9. h4 cxd4 10. cxd4 Na5 11. g3 Nb3 12. Rb1 Nxc1 13. Qxc1 Qa5+ 14. b4 Qd8
15. Bd3 Nb6 16. Qd1 a5 17. Ng5 Nc4 18. N1f3 Bd7 19. Bxc4 dxc4 20. d5 exd5 21.
Qxd5 O-O 22. Qe4 g6 23. Qxc4 axb4 24. axb4 Bf5 25. Rd1 Qb6 26. Nd4 Bg4 27. Ngf3
Rfc8 28. Qe2 Rd8 29. Qe4 Bxf3 30. Nxf3 Rxd1+ 31. Kxd1 Ra1+ 0-1

[Event "BL 1516 SV Griesheim - Hansa Dortmund"]
[Site "?"]
[Date "2015.12.12"]
[Round "3.6"]
[White "Chabanon, Jean-Luc"]
[Black "Wegener, Olaf"]
[Result "1-0"]
[WhiteElo "2469"]
[BlackElo "2441"]
[PlyCount "109"]
[EventDate "2015.??.??"]

1. d4 Nf6 2. c4 e6 3. Nf3 b6 4. g3 Ba6 5. Qa4 Bb7 6. Bg2 c5 7. dxc5 bxc5 8. O-O
Be7 9. Nc3 O-O 10. Rd1 Qb6 11. Bf4 Rd8 12. Rd2 Nc6 13. Nb5 Rac8 14. Rad1 d5 15.
cxd5 Nxd5 16. Bg5 a6 17. Bxe7 Ncxe7 18. Na3 Nc6 19. Nc4 Qc7 20. Qb3 Ba8 21. a3
h6 22. e4 Nf6 23. Qb6 Rxd2 24. Nfxd2 Nd4 25. Qxc7 Rxc7 26. e5 Nd5 27. Ne4 Bc6
28. Ned6 Ba4 29. Rd2 Kf8 30. f4 Ke7 31. Kf2 g6 32. Be4 Bb3 33. Na5 Ba4 34. Bd3
Bb5 35. Bc4 Nb6 36. Bxb5 axb5 37. b4 Nc4 38. Naxc4 bxc4 39. bxc5 Nb3 40. Rc2
Na5 41. Nxc4 Rxc5 42. Ne3 Rb5 43. Rc7+ Kf8 44. Ng4 h5 45. Nf6 Rb2+ 46. Kg1 Rb1+
47. Kg2 Rb2+ 48. Kh3 Nb3 49. Rb7 Rb1 50. Rb8+ Kg7 51. Kh4 Nd2 52. Rg8+ Kh6 53.
Rh8+ Kg7 54. Rh7+ Kf8 55. Kg5 1-0

[Event "BL 1516 SV Griesheim - Hansa Dortmund"]
[Site "?"]
[Date "2015.12.12"]
[Round "3.7"]
[White "Mainka, Romuald"]
[Black "Grabarczyk, Miroslaw"]
[Result "1/2-1/2"]
[WhiteElo "2417"]
[BlackElo "2429"]
[PlyCount "42"]
[EventDate "2015.??.??"]

1. e4 e5 2. Nf3 Nf6 3. Nxe5 d6 4. Nf3 Nxe4 5. d4 d5 6. Bd3 Nd6 7. O-O Be7 8.
Bf4 O-O 9. Nbd2 Nd7 10. c3 Re8 11. Qc2 Nf8 12. Rfe1 c6 13. b3 g6 14. h3 Bf5 15.
Ne5 Ne6 16. Bh2 Bf8 17. Nf1 Bxd3 18. Qxd3 Nf5 19. Ng4 Bg7 20. Rad1 f6 21. Nfe3
Nxe3 1/2-1/2

[Event "BL 1516 SV Griesheim - Hansa Dortmund"]
[Site "?"]
[Date "2015.12.12"]
[Round "3.8"]
[White "Walter, Stefan"]
[Black "Kotter, Ralf"]
[Result "1-0"]
[WhiteElo "2403"]
[BlackElo "2365"]
[PlyCount "117"]
[EventDate "2015.??.??"]

1. d4 Nf6 2. c4 e6 3. Nc3 Bb4 4. Qc2 c5 5. dxc5 Bxc5 6. Nf3 Qb6 7. e3 Qc7 8.
Be2 b6 9. O-O a6 10. b3 Bb7 11. Bb2 Be7 12. Rfd1 d6 13. Rac1 Nbd7 14. Nd4 O-O
15. f3 Rac8 16. Bf1 Qb8 17. Qf2 Rfe8 18. Kh1 Bf8 19. Rd2 Rc5 20. Rcd1 Rh5 21.
Nde2 Ne5 22. Qg3 Rh6 23. Ba3 Nh5 24. Qf2 Rd8 25. Nf4 Bc6 26. Nxh5 Rxh5 27. Qg3
b5 28. cxb5 axb5 29. Bb4 Be7 30. Ne2 Rg5 31. Qf2 Rg6 32. Nd4 Be8 33. Be2 Rh6
34. g3 Qb7 35. e4 Nc6 36. Nxc6 Qxc6 37. e5 Rd7 38. Qf1 Rd8 39. Bxd6 Bg5 40. Rb2
Qc3 41. Rbb1 Qc2 42. Qg2 Ra8 43. a3 Bc6 44. Bd3 Qc3 45. Qe2 f6 46. Be4 Bxe4 47.
Qxe4 Re8 48. Bb4 Qc7 49. f4 f5 50. Qg2 Bd8 51. Rbc1 Qf7 52. Qf3 Bb6 53. Rc2 g5
54. fxg5 Rh5 55. Rd6 Ba7 56. Rdc6 Bd4 57. Rc7 Qg6 58. Rc8 Bxe5 59. Qa8 1-0

[Event "BL 1516 Schwäbisch Hall - USV TU Dresd"]
[Site "?"]
[Date "2015.12.12"]
[Round "3.1"]
[White "Eljanov, Pavel"]
[Black "Jakovenko, Dmitry"]
[Result "1/2-1/2"]
[WhiteElo "2763"]
[BlackElo "2737"]
[PlyCount "85"]
[EventDate "2015.??.??"]

1. c4 Nf6 2. Nc3 c5 3. Nf3 e6 4. g3 b6 5. Bg2 Bb7 6. O-O Be7 7. d4 cxd4 8. Qxd4
O-O 9. Rd1 d6 10. Bg5 Nbd7 11. Nb5 d5 12. cxd5 Bxd5 13. Nc3 Bc6 14. Qc4 Qc8 15.
Rac1 h6 16. Bxf6 Bxf6 17. e4 Ne5 18. Nxe5 Bxe5 19. f4 Bxc3 20. Qxc3 Bb5 21. Qa3
Qa6 22. Qxa6 Bxa6 23. e5 Rac8 24. Be4 Rxc1 25. Rxc1 Rc8 26. Rd1 Bb5 27. Kf2 Kf8
28. Ke3 Ke7 29. g4 Rc5 30. h4 Bc6 31. b4 Rc4 32. Bxc6 Rxc6 33. Rd3 Rc4 34. Ra3
Rxb4 35. Rxa7+ Kf8 36. h5 f6 37. exf6 gxf6 38. Rh7 e5 39. fxe5 fxe5 40. Rxh6
Rxg4 41. Rxb6 Ra4 42. Rb2 Rh4 43. Kd3 1/2-1/2

[Event "BL 1516 Schwäbisch Hall - USV TU Dresd"]
[Site "?"]
[Date "2015.12.12"]
[Round "3.3"]
[White "Bartel, Mateusz"]
[Black "Laznicka, Viktor"]
[Result "0-1"]
[WhiteElo "2620"]
[BlackElo "2655"]
[PlyCount "98"]
[EventDate "2015.??.??"]

1. e4 d6 2. Bc4 Nf6 3. Qe2 c5 4. Nf3 Nc6 5. c3 Bg4 6. h3 Bxf3 7. Qxf3 g6 8. Bb5
Bg7 9. e5 Nd7 10. exd6 Nde5 11. Qd5 Qb6 12. d7+ Nxd7 13. Na3 Rd8 14. Bxc6 bxc6
15. Qe4 Ne5 16. Nc4 Nxc4 17. Qxc4 O-O 18. O-O Rd5 19. b3 Rfd8 20. a4 Bh6 21. f4
Rd3 22. Ba3 R8d5 23. Rae1 e6 24. Bc1 Rd7 25. Kh1 R3d5 26. Rf3 Rb7 27. Qe2 Rf5
28. c4 Bxf4 29. Bb2 Rd7 30. g4 Rxd2 31. Qf1 Qd8 32. Rxf4 Rxf4 33. Qxf4 Rxb2 34.
Rf1 Qf8 35. Qf3 Rd2 36. Kg1 Qe8 37. Qe3 Qd7 38. Rf2 Rxf2 39. Kxf2 Qd6 40. g5
Kf8 41. Kg2 Ke7 42. h4 Qd4 43. Qf3 Qxh4 44. Qf6+ Ke8 45. Qe5 Qd4 46. Qb8+ Qd8
47. Qf4 a6 48. Kh3 Qd3+ 49. Kh4 Qd4 0-1

[Event "BL 1516 Schwäbisch Hall - USV TU Dresd"]
[Site "?"]
[Date "2015.12.12"]
[Round "3.4"]
[White "Michalik, Peter"]
[Black "Socko, Bartosz"]
[Result "1-0"]
[WhiteElo "2580"]
[BlackElo "2587"]
[PlyCount "99"]
[EventDate "2015.??.??"]

1. d4 Nf6 2. c4 e6 3. g3 Bb4+ 4. Bd2 Qe7 5. Bg2 Nc6 6. e3 e5 7. d5 Bxd2+ 8.
Nxd2 Nb4 9. Qb1 a5 10. Ne2 Na6 11. O-O d6 12. Nc3 Nc5 13. b3 h5 14. h4 Bg4 15.
a3 O-O 16. b4 Na6 17. Na4 b6 18. Rc1 Qd7 19. Qb3 Rfb8 20. Nc3 Bh3 21. Bh1 Nh7
22. Rab1 g5 23. Nf3 Bf5 24. e4 Bg6 25. hxg5 Qg4 26. Qd1 Nxg5 27. Nh4 Kg7 28.
Bg2 Rf8 29. Qe1 Nh7 30. Nd1 Qd7 31. Ne3 Kh8 32. f4 Nf6 33. fxe5 dxe5 34. Qf2
Nh7 35. Nef5 Qd8 36. c5 axb4 37. axb4 bxc5 38. bxc5 Qg5 39. Qb2 Rfe8 40. Ra1
Bxf5 41. Nxf5 Nf6 42. Qc3 c6 43. Rf1 Kg8 44. Nd6 Re7 45. Rf5 Qh6 46. Raf1 Ng4
47. Nxf7 Qe3+ 48. Qxe3 Nxe3 49. Rg5+ Kf8 50. Nh6+ 1-0

[Event "BL 1516 Schwäbisch Hall - USV TU Dresd"]
[Site "?"]
[Date "2015.12.12"]
[Round "3.5"]
[White "Dziuba, Marcin"]
[Black "Bogner, Sebastian"]
[Result "1-0"]
[WhiteElo "2567"]
[BlackElo "2546"]
[PlyCount "69"]
[EventDate "2015.??.??"]

1. d4 d5 2. c4 c6 3. Nf3 Nf6 4. e3 Bg4 5. Nc3 e6 6. Qb3 Qb6 7. Nh4 Bh5 8. h3
Be7 9. g4 Bg6 10. Nxg6 hxg6 11. Bg2 g5 12. Bd2 Nbd7 13. Qa4 Qb4 14. Qc2 Qb6 15.
cxd5 cxd5 16. O-O-O Rc8 17. Kb1 Qc6 18. Qd3 Nb6 19. b3 Qd7 20. Rc1 a6 21. f3
Nh7 22. e4 O-O 23. e5 f5 24. exf6 Bxf6 25. h4 gxh4 26. f4 g5 27. fxg5 Nxg5 28.
Rxh4 Qg7 29. Rh5 Ne4 30. Bxe4 dxe4 31. Qxe4 Rfe8 32. Rch1 Rc7 33. Rh7 Qxh7 34.
Rxh7 Rxh7 35. Qg6+ 1-0

[Event "BL 1516 Schwäbisch Hall - USV TU Dresd"]
[Site "?"]
[Date "2015.12.12"]
[Round "3.6"]
[White "Womacka, Mathias"]
[Black "Maiwald, Jens-Uwe"]
[Result "1-0"]
[WhiteElo "2437"]
[BlackElo "2445"]
[PlyCount "87"]
[EventDate "2015.??.??"]

1. e4 c5 2. Nf3 e6 3. d4 cxd4 4. Nxd4 Nc6 5. Nc3 Qc7 6. Be3 a6 7. Be2 b5 8.
Nxc6 Qxc6 9. e5 Bb7 10. Bf3 Qc7 11. O-O Rc8 12. Bxb7 Qxb7 13. Qd3 Ne7 14. Ne4
Nd5 15. Bd2 Be7 16. Qg3 Kf8 17. Bg5 f6 18. exf6 Nxf6 19. Nxf6 Bxf6 20. c3 Kf7
21. Rad1 d5 22. Rfe1 Qd7 23. Rd3 Bxg5 24. Qxg5 Rhe8 25. h4 h6 26. Qe5 Kg8 27.
h5 Rc4 28. Rxd5 Qxd5 29. Qxd5 exd5 30. Rxe8+ Kf7 31. Ra8 b4 32. Ra7+ Ke6 33.
Rxg7 bxc3 34. bxc3 Rxc3 35. Rg6+ Ke5 36. Rxh6 Rc1+ 37. Kh2 d4 38. Rh8 Rc6 39.
Kg3 Rd6 40. Re8+ Kd5 41. Kf3 Kc4 42. Ke2 Kc3 43. Rc8+ Kb2 44. g4 1-0

[Event "BL 1516 Schwäbisch Hall - USV TU Dresd"]
[Site "?"]
[Date "2015.12.12"]
[Round "3.7"]
[White "Loxine, Jakov"]
[Black "Zeller, Frank"]
[Result "1/2-1/2"]
[WhiteElo "2413"]
[BlackElo "2392"]
[PlyCount "59"]
[EventDate "2015.??.??"]

1. Nf3 Nf6 2. c4 c5 3. Nc3 Nc6 4. g3 g6 5. d4 cxd4 6. Nxd4 d6 7. Bg2 Bd7 8. O-O
Bg7 9. e4 h5 10. Nxc6 bxc6 11. c5 h4 12. cxd6 hxg3 13. hxg3 Ng4 14. Bg5 Qa5 15.
e5 Bxe5 16. Qe2 exd6 17. Ne4 O-O 18. Bf3 f5 19. Nxd6 Bxd6 20. Qd3 Qb4 21. Bxg4
Qxg4 22. Qxd6 Qxg5 23. Qxd7 f4 24. Qxc6 fxg3 25. Qg2 Rab8 26. fxg3 Qc5+ 27. Kh1
Qh5+ 28. Kg1 Qc5+ 29. Kh1 Qh5+ 30. Kg1 1/2-1/2

[Event "BL 1516 Schwäbisch Hall - USV TU Dresd"]
[Site "?"]
[Date "2015.12.12"]
[Round "3.8"]
[White "Raykhman, Alexander"]
[Black "Hoffmann, Paul"]
[Result "1-0"]
[WhiteElo "2414"]
[BlackElo "2360"]
[PlyCount "69"]
[EventDate "2015.??.??"]

1. d4 Nf6 2. c4 e6 3. Nf3 Bb4+ 4. Bd2 Qe7 5. g3 Nc6 6. Nc3 Bxc3 7. Bxc3 Ne4 8.
Rc1 O-O 9. Bg2 f5 10. O-O d6 11. d5 Nd8 12. Nd2 Nxc3 13. Rxc3 a5 14. Qc2 Bd7
15. f4 exd5 16. cxd5 c5 17. e4 Nf7 18. a4 Qf6 19. Kh1 Nh6 20. e5 dxe5 21. fxe5
Qxe5 22. Nc4 Qf6 23. d6 Ng4 24. Bxb7 Rab8 25. Bf3 Qh6 26. b3 f4 27. Qd2 Kh8 28.
Bxg4 Bxg4 29. Rxf4 g5 30. Rxf8+ Rxf8 31. Rc1 Bd7 32. Kg1 Qh3 33. Ne5 Re8 34.
Nxd7 Qxd7 35. Rxc5 1-0

[Event "BL 1516 Erfurter SK - Schachfr. Berlin"]
[Site "?"]
[Date "2015.12.12"]
[Round "3.1"]
[White "Kraemer, Martin"]
[Black "Romanov, Evgeny"]
[Result "0-1"]
[WhiteElo "2567"]
[BlackElo "2590"]
[PlyCount "54"]
[EventDate "2015.??.??"]

1. d4 Nf6 2. c4 b6 3. Nc3 Bb7 4. Qc2 d5 5. cxd5 Nxd5 6. e4 Nxc3 7. bxc3 e5 8.
dxe5 Nc6 9. Nf3 Qe7 10. Bf4 O-O-O 11. Be2 h6 12. O-O g5 13. Be3 Rg8 14. Qa4 Qa3
15. Qb3 g4 16. Nd4 Nxe5 17. Bf4 Qd6 18. Bg3 Qf6 19. f3 gxf3 20. Bxf3 Kb8 21.
Bh5 Qg5 22. Bxf7 Qe3+ 23. Kh1 Rxg3 24. hxg3 Qxg3 25. Nf5 Qg5 26. Qe6 Bxe4 27.
Rf2 Nd3 0-1